00265nam a2200097Ia 4500008004100000100001900041245006900060260001600129942000700145999001500152120527s9999 xx 000 0 und d aKalilu,Rom R.O bCultism on the Nigerian campus:Perspective from art and history. bSOF and Co. cBK c7061d7061